000 00460cam a22001697a 4500
008 180718b2000 xxu||||| |||| 00| 0 eng d
020 _a0370882658
082 _aT19x54 G969
100 _aGurcharan Das
245 _aIndia unbound
_cby Gurcharan Das
260 _aNew Delhi
_bViking
_c2000
300 _a420p.
650 _aIndia - Social reforms
650 _aPoverty - India
650 _aIndia - Economic conditions
650 _aIndia - Economic reforms
999 _c393662
_d393662